[Event "2nd European Youth GP 2017"]
[Site "Jermuk"]
[Date "2017.10.14"]
[Round "10"]
[White "Sargsyan, Shant"]
[Black "Nesterov, Arseniy"]
[Result "1-0"]
[WhiteElo "2431"]
[BlackElo "2350"]
[Annotator "TA"]
[PlyCount "83"]
[EventDate "2017.??.??"]
[EventType "tourn"]
[EventCountry "ARM"]
[SourceTitle "playchess.com"]
[Source "ChessBase"]
[SourceQuality "1"]

{[%evp 16,83,-15,-18,20,13,20,20,22,22,21,20,18,27,22,20,21,17,14,17,21,6,6,6,6,6,6,6,6,0,6,0,14,17,13,10,25,13,296,287,425,379,1140,1122,1139,1097,1097,1066,5825,5804,12806,12822,8008,10366,6290,6115,6199,5310,6339,648,6304,6195,5093,5022,29981,29980,29977,29975,29985,29985]} 1. d4 d5 2. c4 c6 3. Nf3 Nf6 4. Nc3 dxc4 5. a4 a5 6. e4 {[%cal Be2e4,Be4e5][%mdl 32]} Bg4 7. e5 {D16: Slav Defence: 5 a4: Lines with 5...Bg4 and 5...Na6} (7. Be3 e6 8. Bxc4 Bb4 9. Qc2 Bh5 10. Ne5 Nfd7 11. O-O O-O 12. Nd3 Na6 13. Bxa6 Rxa6 14. Nxb4 axb4 15. Na2 f5 16. exf5 exf5 17. Nxb4 {1-0 (32) So,W (2812)-Jobava,B (2707) Leuven 2017}) 7... Nd5 8. Bxc4 e6 9. O-O {LiveBook: 3 Games. The position is equal.} Nd7 10. h3 Bh5 11. Nxd5 cxd5 12. Bd3 $146 ({Predecessor:} 12. Bb5 Be7 13. Bf4 O-O 14. Rc1 Nb8 15. g4 Bg6 16. Ne1 Nc6 17. Be3 {½-½ (17) Fedorowicz,J (2510)-Schroer,J (2345) Philadelphia 1997}) 12... Bb4 13. g4 Bg6 14. Bxg6 hxg6 15. Kg2 Rc8 16. Qd3 Qb6 17. Bg5 Nb8 18. h4 Qa6 19. Qe3 Kd7 20. Rac1 $40 {[%mdl 128] Black needs to defend precisely.} Rxc1 21. Rxc1 Nc6 22. b3 Qb6 23. Rh1 Be7 24. Bxe7 Nxe7 25. Ng5 Rf8 26. h5 f6 $2 {[%mdl 8192]} (26... gxh5 $11 27. Rxh5 Nc6) 27. Nh7 $18 Rf7 (27... Rh8 $142) 28. h6 Ng8 $2 {[#]} ({Don't play} 28... fxe5 29. Ng5 $18 (29. Qxe5 gxh6 30. Nf6+ Rxf6 $16)) (28... gxh6 29. Nxf6+ Kc7 30. Rc1+ Nc6 31. Qxh6 Qxd4) 29. Ng5 $1 {[%mdl 512] h7 is the strong threat.} Nxh6 (29... fxg5 30. h7) 30. Nxf7 Nxf7 {[%mdl 4096] Endgame KQR-KQN} 31. Rh7 fxe5 32. Rxg7 Ke8 33. Qf3 Qc7 34. Rg8+ Ke7 35. Rxg6 exd4 36. Qf6+ Kd6 37. Qxe6+ Kc5 38. Rg7 Qe5 39. Qxf7 {[#] Intending Qf8+ and mate.} d3 40. Qc7+ {White mates.} Qxc7 41. Rxc7+ Kd4 42. Kf3 {Precision: White = 78%, Black = 57%.} 1-0

[Event "2nd European Youth GP 2017"]
[Site "Jermuk"]
[Date "2017.10.14"]
[Round "10"]
[White "Pultinevicius, Paulius"]
[Black "Zarubitski, Viachaslau"]
[Result "1/2-1/2"]
[WhiteElo "2387"]
[BlackElo "2311"]
[Annotator "NA"]
[PlyCount "36"]
[EventDate "2017.??.??"]
[EventType "tourn"]
[EventCountry "ARM"]
[SourceTitle "playchess.com"]
[Source "ChessBase"]
[SourceQuality "1"]
[TimeControl "5400+30"]

{[%evp 8,29,2,2,0,1,32767,32767,32767,-5,-4,-12,0,0,0,-4,-3,-8,16,29,27,0,8,12]} 1. Nf3 {[%emt 0:00:00]} Nf6 {[%emt 0:00:08]} 2. b3 {[%emt 0:00:00]} d5 {[%emt 0:00:32]} 3. Bb2 {[%emt 0:00:00]} Bf5 {[%emt 0:00:11]} 4. e3 {[%emt 0:00:06]} e6 {[%emt 0:00:06]} 5. Be2 {[%emt 0:01:17] LiveBook: 102 Games} h6 {[%emt 0:00:04]} 6. O-O {[%emt 0:00:38]} Bd6 {[%emt 0:01:26]} 7. d3 {[%emt 0:02:30]} O-O {[%emt 0:00:35]} 8. Ne5 {[%emt 0:17:37]} Nfd7 {[%emt 0:02:47]} 9. Nf3 {[%emt 0:11:40]} Nf6 {[%emt 0:01:50]} 10. Ne5 {[%emt 0:00:54]} Nfd7 {[%emt 0:00:05]} 11. Nf3 {[%emt 0:00:06]} c5 {[%emt 0:02:14]} 12. c4 {[%emt 0:02:20]} Nc6 {[%emt 0:01:37]} 13. cxd5 {[%emt 0:09:57]} exd5 {[%emt 0:00:10]} 14. Nc3 {[%emt 0:00:08]} Nf6 {[%emt 0:00:37]} 15. d4 $11 {[%emt 0:00:49]} cxd4 {[%emt 0:11:48]} 16. Nxd4 {[%emt 0:00:09]} Nxd4 {[%emt 0:00:07]} 17. Qxd4 {[%emt 0:00:22]} Re8 {[%emt 0:00:14]} 18. Rfd1 {[%emt 0:14:11]} Be5 {[%emt 0:10:07]} 1/2-1/2

[Event "2nd European Youth GP 2017"]
[Site "Jermuk"]
[Date "2017.10.14"]
[Round "10"]
[White "Pogosyan, Stefan"]
[Black "Lobanov, Sergei"]
[Result "0-1"]
[WhiteElo "2368"]
[BlackElo "2457"]
[Annotator "TA"]
[PlyCount "56"]
[EventDate "2017.??.??"]
[EventType "tourn"]
[EventCountry "ARM"]
[SourceTitle "playchess.com"]
[Source "ChessBase"]
[SourceQuality "1"]

{[%evp 23,56,15,35,0,0,-24,0,-69,-70,-123,-116,-136,-115,-255,-260,-247,-249,-260,-243,-313,-304,-294,-281,-376,-371,-454,-445,-635,-687,-687,-685,-1384,-1377,-1335,-1327]} 1. d4 Nf6 2. c4 e6 3. Nc3 Bb4 4. Qc2 O-O 5. Bg5 h6 6. Bh4 c5 7. dxc5 Bxc5 8. Nf3 Nc6 {[%cal Bb8c6,Bc6a5,Ba5c4][%mdl 32]} 9. e3 b6 {E39: Nimzo-Indian: Classical: 4...c5 5 dxc5 0-0} (9... Be7 10. Be2 d5 11. O-O Nb4 12. Qb3 Ne4 13. Bxe7 Qxe7 14. a3 Nxc3 15. bxc3 Na6 16. cxd5 Nc5 17. Qa2 exd5 18. Qxd5 {½-½ (71) Van Wely,L (2691)-Miezis,N (2580) Istanbul 2012}) 10. Be2 Bb7 11. O-O Rc8 12. Rfd1 Be7 {LiveBook: 3 Games} 13. Rd2 Na5 $1 14. Rd4 $146 ({Predecessor:} 14. Rad1 Bxf3 15. gxf3 Nxc4 16. Rd4 {½-½ (53) Allen,K (2197)-Mitchell,M (2213) Blackpool 2013}) 14... Bxf3 15. Bxf3 (15. gxf3 $11 d5 16. Rad1) 15... Nxc4 $15 16. Rad1 (16. Be2 $15 Na5 17. Ba6) 16... d5 $17 17. Be2 {[#] Rxc4! is the strong threat.} Nd6 18. R4d2 (18. Qb1 $17 {might work better.}) 18... Nfe4 $19 19. Bxe7 Qxe7 20. Rd4 Rc5 21. f3 Nxc3 22. bxc3 Rfc8 23. e4 Rxc3 24. Qb1 Qg5 {Black is clearly winning.} 25. exd5 (25. R4d2 $142 d4 26. h3) 25... Qe3+ 26. Kh1 {Now dxe6 and White clings on.} Rc1 27. Qd3 Rxd1+ 28. Qxd1 Rc1 {Precision: White =  4%, Black = 88%.} 0-1

[Event "2nd European Youth GP 2017"]
[Site "Jermuk"]
[Date "2017.10.14"]
[Round "10"]
[White "Gharibyan, Mamikon"]
[Black "Shubin, Kirill"]
[Result "0-1"]
[WhiteElo "2346"]
[BlackElo "2359"]
[Annotator "NA"]
[PlyCount "102"]
[EventDate "2017.??.??"]
[EventType "tourn"]
[EventCountry "ARM"]
[SourceTitle "playchess.com"]
[Source "ChessBase"]
[SourceQuality "1"]
[TimeControl "5400+30"]

1. d4 {[%emt 0:00:00]} e6 {[%emt 0:00:03]} 2. c4 {[%emt 0:00:00]} Nf6 {[%emt 0:00:10]} 3. Nf3 {[%emt 0:00:00]} Bb4+ {[%emt 0:00:04]} 4. Bd2 {[%emt 0:00:32]} a5 {[%emt 0:00:13]} 5. g3 {[%emt 0:02:23]} d6 {[%emt 0:00:15]} 6. Bg2 {[%emt 0:00:34]} Nbd7 {[%emt 0:00:05]} 7. O-O {[%emt 0:01:06]} e5 {[%emt 0:00:14]} 8. e3 {[%emt 0:01:35]} Bxd2 {[%emt 0:00:17]} 9. Nfxd2 {[%emt 0:02:16]} O-O {[%emt 0:04:11] LiveBook: 8 Games} 10. Nc3 {[%emt 0:00:45]} exd4 {[%emt 0:06:27]} 11. exd4 {[%emt 0:00:07]} c6 {[%emt 0:00:54]} 12. Re1 {[%emt 0:15:07]} Nb6 {[%emt 0:08:03]} 13. Qf3 {[%emt 0:09:31]} Be6 $11 {[%emt 0:05:34]} 14. b3 {[%emt 0:04:24]} a4 {[%emt 0:08:26]} 15. Qd3 {[%emt 0:08:02]} Ra5 {[%emt 0:13:18]} 16. Nf1 {[%emt 0:09:23]} axb3 {[%emt 0:05:25]} 17. axb3 {[%emt 0:00:05]} Qa8 {[%emt 0:00:05]} 18. Rac1 {[%emt 0:14:45]} Qa6 {[%emt 0:06:56]} 19. Qd2 {[%emt 0:03:01]} Ra3 {[%emt 0:00:53]} 20. Qb2 {[%emt 0:02:16]} Qa5 {[%emt 0:02:34]} 21. Nd2 {[%emt 0:07:00]} Qb4 {[%emt 0:03:30]} 22. Qc2 {[%emt 0:00:41]} d5 {[%emt 0:02:50]} 23. c5 {[%emt 0:03:53]} Nbd7 {[%emt 0:00:09]} 24. Ne2 {[%emt 0:00:59]} Rfa8 {[%emt 0:00:47]} 25. Qc3 {[%emt 0:00:41]} Qxc3 {[%emt 0:01:52]} 26. Nxc3 {[%emt 0:00:06]} Nb8 {[%emt 0:01:44]} 27. b4 {[%emt 0:10:20]} Na6 {[%emt 0:00:14]} 28. b5 {[%emt 0:00:13]} Nb4 {[%emt 0:00:18]} 29. Bf1 {[%emt 0:00:11]} Kf8 {[%emt 0:01:16]} 30. Nd1 {[%emt 0:03:03]} Nd3 {[%emt 0:00:53]} 31. Bxd3 {[%emt 0:01:18]} Rxd3 {[%emt 0:00:04]} 32. Nb1 {[%emt 0:00:34]} Rxd4 {[%emt 0:00:22]} 33. bxc6 {[%emt 0:00:37]} bxc6 {[%emt 0:00:03]} 34. Ne3 {[%emt 0:00:16]} Ra5 {[%emt 0:00:51]} 35. Re2 {[%emt 0:00:23]} Nd7 {[%emt 0:00:43]} 36. Nd2 {[%emt 0:00:33]} Rxc5 {[%emt 0:01:09]} 37. Rb1 {[%emt 0:00:23]} Rd3 {[%emt 0:01:03]} 38. Ra1 {[%emt 0:00:46]} g6 {[%emt 0:00:46]} 39. h4 {[%emt 0:00:47]} d4 {[%emt 0:01:00]} 40. Nef1 {[%emt 0:00:06]} Rc2 {[%emt 0:00:16]} 41. h5 {[%emt 0:00:29]} gxh5 {[%emt 0:02:44]} 42. Ra8+ {[%emt 0:00:04]} Ke7 {[%emt 0:00:34]} 43. Kg2 {[%emt 0:00:29]} Nc5 {[%emt 0:01:25]} 44. Ra7+ {[%emt 0:00:21]} Kf8 {[%emt 0:00:19]} 45. Re5 {[%emt 0:00:10]} Bd5+ {[%emt 0:00:32]} 46. Kh3 {[%emt 0:00:10]} Rdxd2 {[%emt 0:00:29]} 47. Nxd2 {[%emt 0:00:05]} Rxd2 {[%emt 0:00:03]} 48. f4 {[%emt 0:00:41]} Rd1 {[%emt 0:00:53]} 49. Ra8+ {[%emt 0:00:40]} Kg7 {[%emt 0:00:14]} 50. Kh4 {[%emt 0:00:03]} Rh1+ {[%emt 0:00:17]} 51. Kg5 {[%emt 0:00:04]} f6+ {[%emt 0:00:48]} 0-1

[Event "2nd European Youth GP 2017"]
[Site "Jermuk"]
[Date "2017.10.14"]
[Round "10"]
[White "Kacharava, Nikolozi"]
[Black "Kaasen, Tor Fredrik"]
[Result "1-0"]
[WhiteElo "2206"]
[BlackElo "2371"]
[Annotator "NA"]
[PlyCount "87"]
[EventDate "2017.??.??"]
[EventType "tourn"]
[EventCountry "ARM"]
[SourceTitle "playchess.com"]
[Source "ChessBase"]
[SourceQuality "1"]
[TimeControl "5400+30"]

1. e4 {[%emt 0:00:00]} c5 {[%emt 0:00:11]} 2. Nf3 {[%emt 0:00:00]} e6 {[%emt 0:00:16]} 3. d4 {[%emt 0:00:05]} cxd4 {[%emt 0:00:07]} 4. Nxd4 {[%emt 0:00:08]} Nc6 {[%emt 0:00:07]} 5. Nc3 {[%emt 0:00:19]} Qc7 {[%emt 0:00:07]} 6. Be3 {[%emt 0:00:16]} a6 {[%emt 0:00:08]} 7. Qf3 {[%emt 0:00:24]} d6 {[%emt 0:00:23]} 8. Qg3 {[%emt 0:01:36]} Bd7 {[%emt 0:03:51]} 9. Be2 {[%emt 0:04:10]} Nf6 {[%emt 0:06:45] LiveBook: 4 Games} 10. O-O {[%emt 0:02:13]} b5 {[%emt 0:02:06]} 11. a3 {[%emt 0:06:32]} Rc8 {[%emt 0:01:15]} 12. f4 {[%emt 0:05:46]} e5 {[%emt 0:10:15]} ({Black should try} 12... h5 $14) 13. fxe5 {[%emt 0:06:30]} dxe5 {[%emt 0:00:21]} 14. Nf5 $18 {[%emt 0:06:32]} Bxf5 {[%emt 0:26:47]} 15. Rxf5 {[%emt 0:08:05]} Qd7 {[%emt 0:10:11]} 16. Rxf6 {[%emt 0:11:08]} gxf6 {[%emt 0:00:06]} 17. Bg4 {[%emt 0:00:25]} Qd8 {[%emt 0:02:05]} 18. Bxc8 {[%emt 0:05:07]} Qxc8 {[%emt 0:00:06]} 19. Nd5 {[%emt 0:00:16]} Be7 {[%emt 0:02:20]} 20. Qg7 {[%emt 0:07:15]} Rf8 {[%emt 0:00:07]} 21. Bh6 {[%emt 0:01:11]} Nd4 {[%emt 0:02:34]} 22. Nxe7 {[%emt 0:03:23]} Kxe7 {[%emt 0:00:06]} 23. Qxf8+ {[%emt 0:00:06]} Qxf8 {[%emt 0:00:03]} 24. Bxf8+ {[%emt 0:00:10]} Kxf8 {[%emt 0:00:02]} 25. c3 {[%emt 0:02:46]} Nb3 {[%emt 0:01:49]} 26. Rd1 {[%emt 0:00:21]} Nc5 {[%emt 0:00:17]} 27. Rd6 Nxe4 {[%emt 0:01:02]} 28. Rxa6 {[%emt 0:00:37]} Ke7 {[%emt 0:00:19]} 29. a4 {[%emt 0:05:40]} bxa4 {[%emt 0:00:11]} 30. Rxa4 {[%emt 0:00:05]} f5 {[%emt 0:00:03]} 31. c4 {[%emt 0:01:33]} Kd6 {[%emt 0:00:31]} 32. b4 {[%emt 0:00:30]} Nd2 {[%emt 0:00:09]} 33. Ra6+ {[%emt 0:00:26]} Ke7 {[%emt 0:00:47]} 34. b5 {[%emt 0:00:42]} Nxc4 {[%emt 0:00:41]} 35. b6 {[%emt 0:00:13]} Kd7 {[%emt 0:01:12]} 36. b7 {[%emt 0:00:15]} Kc7 {[%emt 0:00:07]} 37. Rc6+ {[%emt 0:00:07]} Kxc6 {[%emt 0:00:11]} 38. b8=Q {[%emt 0:00:08]} Kd5 {[%emt 0:00:31]} 39. Qb7+ {[%emt 0:00:24]} Ke6 {[%emt 0:00:07]} 40. Qc8+ {[%emt 0:00:05]} Kd5 {[%emt 0:00:18]} 41. Qxf5 {[%emt 0:00:10]} Kd4 {[%emt 0:00:11]} 42. Qxf7 {[%emt 0:00:11]} e4 {[%emt 0:00:05]} 43. Qxh7 {[%emt 0:00:09]} Kd3 {[%emt 0:00:09]} 44. h4 {[%emt 0:00:27]} 1-0

[Event "2nd European Youth GP 2017"]
[Site "Jermuk"]
[Date "2017.10.15"]
[Round "11"]
[White "Shevchenko, Kirill"]
[Black "Gharibyan, Mamikon"]
[Result "1-0"]
[WhiteElo "2531"]
[BlackElo "2346"]
[Annotator "TA"]
[PlyCount "81"]
[EventDate "2017.??.??"]
[EventType "tourn"]
[EventCountry "ARM"]
[SourceTitle "playchess.com"]
[Source "ChessBase"]
[SourceQuality "1"]

{[%evp 29,81,0,0,0,22,0,1,-19,0,-42,-6,-18,-12,-80,-82,-72,0,-41,-40,-47,-53,-74,0,0,0,0,0,0,0,-20,0,0,0,0,93,93,93,93,93,94,97,100,1039,1021,29979,29974,29974,29975,29973,29973,29973,29971,5589,1577]} 1. d4 Nf6 2. c4 e6 3. g3 d5 4. Bg2 Bb4+ 5. Bd2 Bd6 6. Nf3 O-O 7. O-O Nbd7 8. Qc2 c6 9. Bg5 h6 10. Bxf6 Nxf6 11. Nbd2 b6 {E01: Katalanisch} 12. e4 Be7 13. e5 Nd7 {[%cal Bf6d7,Bd7b8,Bb8c6][%mdl 32]} 14. cxd5 cxd5 15. Rfc1 Nb8 {LiveBook: 16 Partien} 16. a3 a5 {[%cal Ba7a5,Ba5a4][%mdl 32]} 17. Bf1 Bd7 18. Bd3 Nc6 19. Qd1 {[#]} a4 $146 20. h4 f6 {[%cal Bf7f6,Bf6f5][%mdl 32]} 21. Bb1 (21. Kg2 $11) 21... f5 $17 ({Viel schlechter ist} 21... fxe5 22. dxe5 Bc5 23. Qc2 $11) 22. Bd3 Ra5 (22... Na5 $17) 23. b4 axb3 24. Qxb3 Qa8 {[%cal Re7a3]} 25. Rc3 b5 ({Lieber} 25... Rb8 $17) 26. Bxb5 $11 Rb8 27. Bxc6 $1 Bxc6 28. Qc2 $36 {[%mdl 2048] Weiss drückt.} Be8 29. Ne1 {[%cal Bf3e1,Be1d3,Bd3f4][%mdl 32]} Bxa3 30. Nd3 Ra4 31. Rb1 {zielt auf Txb8 ab.} Bf8 (31... Bb4 $1 $11 32. Rxb4 Rbxb4 33. Nxb4 Rxb4) 32. Rxb8 $16 Qxb8 33. Rc8 Qb5 {[#]} 34. Nf4 $1 {[%cal Rf4e6]} Ra6 35. Qb3 {Droht Dxb5 und aus.} Qa5 $2 {[%mdl 8192]} (35... Kf7 $16) 36. Rxe8 $18 Qxd2 37. Rxf8+ ({Schlechter ist} 37. Nxe6 Ra1+ 38. Kg2 Qe1 $11) 37... Kxf8 38. Qb8+ Ke7 39. Qb7+ Ke8 40. Qxa6 Qe1+ 41. Qf1 {Precision: Weiß = 46%, Schwarz = 43%.} 1-0

[Event "2nd European Youth GP 2017"]
[Site "Jermuk"]
[Date "2017.10.15"]
[Round "11"]
[White "Lobanov, Sergei"]
[Black "Sargsyan, Shant"]
[Result "1/2-1/2"]
[WhiteElo "2457"]
[BlackElo "2431"]
[Annotator "TA"]
[PlyCount "35"]
[EventDate "2017.??.??"]
[EventType "tourn"]
[EventCountry "ARM"]
[SourceTitle "playchess.com"]
[Source "ChessBase"]
[SourceQuality "1"]

{[%evp 9,35,17,22,15,20,14,20,-16,6,-8,0,-3,-4,-10,-3,-17,18,13,22,0,17,21,15,15,18,4,7,-7]} 1. e4 e5 2. Nf3 Nc6 3. Bb5 Nf6 4. d3 Bc5 5. Bxc6 dxc6 {The position is equal.} 6. Nbd2 {C65: Ruy Lopez: Berlin Defence (3...Nf6), unusual lines and 4 0-0 Bc5} Be6 7. Qe2 Nd7 8. Nc4 $146 ({Predecessor:} 8. Nb3 Bb6 9. Ng5 Bxb3 10. axb3 f6 11. Nf3 Nc5 12. O-O Ne6 13. Nd2 O-O {1-0 (54) Caruana,F (2804)-Kramnik,V (2812) Leuven 2016}) 8... f6 9. Bd2 (9. c3 {is interesting.} Bxc4 10. dxc4 a5 11. O-O Qe7 12. Rd1) 9... Qe7 10. Ne3 Bxe3 11. Qxe3 c5 12. O-O O-O 13. Nh4 Rad8 14. f4 exf4 15. Qxf4 Ne5 16. Bc3 Nc6 17. Rae1 Qd6 ({Much weaker is} 17... Bxa2 $6 18. Nf5 $16) 18. Qxd6 {Precision: White = 32%, Black = 51%.} 1/2-1/2

[Event "2nd European Youth GP 2017"]
[Site "Jermuk"]
[Date "2017.10.15"]
[Round "11"]
[White "Kaasen, Tor Fredrik"]
[Black "Pogosyan, Stefan"]
[Result "0-1"]
[WhiteElo "2371"]
[BlackElo "2368"]
[Annotator "TA"]
[PlyCount "106"]
[EventDate "2017.??.??"]
[EventType "tourn"]
[EventCountry "ARM"]
[SourceTitle "playchess.com"]
[Source "ChessBase"]
[SourceQuality "1"]

{[%evp 18,106,31,33,45,29,25,28,36,38,35,18,47,28,69,60,58,53,62,33,48,48,43,20,40,14,44,35,34,30,58,54,45,52,43,-14,-2,-14,-14,-18,-14,-14,-22,-27,-33,-20,6,2,6,3,5,5,6,4,10,-14,0,0,0,0,1,0,6,0,0,-42,-36,-52,-52,-119,-105,-163,-166,-163,-159,-152,-156,-263,-250,-250,-255,-237,-221,-512,-516,-465,-465,-623,-593,-841,-841]} 1. e4 e5 2. Nf3 Nc6 3. Bc4 Nf6 4. d3 Be7 5. O-O O-O 6. Re1 d6 7. a4 Kh8 8. a5 {C55: Two Knights: 4 d3, 4 d4 exd4 5 e5 and Max Lange Attack} (8. c3 Ng8 9. a5 a6 10. d4 f5 11. dxe5 fxe4 12. Rxe4 Rxf3 13. gxf3 Nxe5 14. Rxe5 dxe5 15. Qxd8 Bxd8 16. Nd2 {½-½ (40) Harikrishna,P (2753)-Fressinet,L (2700) Huaian 2016}) 8... a6 9. Nc3 Ng8 10. Nd5 {LiveBook: 3 Games. White is slightly better.} f5 11. c3 fxe4 12. dxe4 Bg4 13. Be2 Nf6 14. h3 Bc8 $146 ({Predecessor:} 14... Be6 15. Bc4 Bg8 {0-1 (60) Karpenko,A (2107)-Murtazin,B (2153) Samara 2014}) 15. Bf1 Nxd5 16. exd5 Nb8 {[%cal Bc6b8,Bb8d7,Bd7f6][%mdl 32]} 17. Be3 Nd7 18. b4 Nf6 19. c4 Qe8 20. Rc1 Qg6 21. Kh1 Qh5 22. Nh2 Qf7 23. Bd3 c6 24. dxc6 bxc6 25. Bb6 Be6 26. Qf3 (26. Nf3 $14) 26... d5 $11 27. Rxe5 dxc4 28. Qxc6 cxd3 29. Qxe6 Bxb4 30. Rd1 Qxe6 31. Rxe6 Rfe8 32. Rxe8+ Rxe8 33. Nf3 Ne4 $1 34. Rxd3 {Rd7 is the strong threat.} Bxa5 $1 35. Be3 Ra8 36. Bd4 Bc7 37. Re3 Nf6 38. Re7 Bd8 39. Rb7 Ne8 40. g4 a5 {[%cal Ba6a5,Ba5a4,Ba4a3,Ba3a2][%mdl 32]} 41. g5 a4 42. Ne5 {And now Rf7 would win.} Bc7 43. Nd3 ({White should try} 43. Kg2 $15) 43... Rd8 $17 44. Be5 {[#]} (44. Rb4 $17 {is a better defense.} a3 45. Nc1) 44... Bxe5 $1 $19 ({Of course not} 44... Rxd3 $6 45. Bxc7 Rb3 46. Ra7 $15) 45. Nxe5 {[%mdl 4096] Endgame KRN-KRN} Ra8 46. Rb1 a3 47. Nc4 (47. Ra1 $17 {was worth a try.}) 47... a2 48. Ra1 Nc7 49. Ne3 Nb5 {[#] Hoping for ...Nd4.} 50. Nd1 $2 (50. Nd5) 50... Ra3 {Black is clearly winning.} 51. Kg2 Kg8 52. Kf1 Kf7 53. Ke2 Nd4+ {Precision: White = 43%, Black = 68%.} 0-1

[Event "2nd European Youth GP 2017"]
[Site "Jermuk"]
[Date "2017.10.15"]
[Round "11"]
[White "Shubin, Kirill"]
[Black "Pultinevicius, Paulius"]
[Result "1/2-1/2"]
[WhiteElo "2359"]
[BlackElo "2387"]
[Annotator "ChessBase"]
[PlyCount "113"]
[EventDate "2017.??.??"]
[EventType "tourn"]
[EventCountry "ARM"]
[SourceTitle "playchess.com"]
[Source "ChessBase"]
[SourceQuality "1"]
[TimeControl "5400+30"]

1. e4 {[%emt 0:00:00]} e5 {[%emt 0:00:04]} 2. Nf3 {[%emt 0:00:00]} Nc6 {[%emt 0:00:05]} 3. Bb5 {[%emt 0:00:00]} a6 {[%emt 0:00:04]} 4. Ba4 {[%emt 0:00:00]} Nf6 {[%emt 0:00:05]} 5. d3 {[%emt 0:00:00]} d6 {[%emt 0:01:05]} 6. c3 {[%emt 0:00:20]} Be7 {[%emt 0:00:06]} 7. O-O {[%emt 0:00:08]} O-O {[%emt 0:00:08]} 8. Re1 {[%emt 0:00:32]} b5 {[%emt 0:00:05]} 9. Bc2 {[%emt 0:00:07]} Re8 {[%emt 0:02:25]} 10. Nbd2 {[%emt 0:00:12]} Bf8 {[%emt 0:05:43]} 11. Nf1 {[%emt 0:02:15]} Bb7 {[%emt 0:00:42]} 12. Bg5 {[%emt 0:01:23]} Nb8 {[%emt 0:10:28]} 13. Ne3 {[%emt 0:00:32]} Nbd7 {[%emt 0:00:39]} 14. Nf5 {[%emt 0:06:56]} h6 {[%emt 0:01:32]} 15. Bh4 {[%emt 0:01:14]} g6 {[%emt 0:03:54]} 16. Ne3 {[%emt 0:00:04]} Qc8 {[%emt 0:11:37]} 17. h3 {[%emt 0:02:14]} Bg7 {[%emt 0:03:46]} 18. Nh2 {[%emt 0:00:59]} d5 {[%emt 0:13:43]} 19. Neg4 {[%emt 0:04:07]} Nh5 {[%emt 0:03:57]} 20. Qf3 {[%emt 0:13:05]} dxe4 {[%emt 0:10:22]} 21. dxe4 {[%emt 0:00:04]} f5 {[%emt 0:00:33]} 22. Ne3 {[%emt 0:00:25]} Ndf6 {[%emt 0:03:20]} 23. g4 {[%emt 0:01:32]} fxe4 {[%emt 0:02:18]} 24. Qh1 {[%emt 0:00:12]} Nf4 {[%emt 0:02:46]} 25. Bxf6 {[%emt 0:00:07]} Nxh3+ {[%emt 0:02:48]} 26. Kf1 {[%emt 0:00:04]} Bxf6 {[%emt 0:01:17]} 27. Bxe4 {[%emt 0:00:12]} Bxe4 {[%emt 0:00:33]} 28. Qxe4 {[%emt 0:00:05]} Kg7 {[%emt 0:02:22]} 29. Rad1 {[%emt 0:00:17]} Rf8 {[%emt 0:07:40]} 30. Qg2 {[%emt 0:01:27]} Bh4 {[%emt 0:03:24]} 31. Qxh3 {[%emt 0:00:06]} Bxf2 {[%emt 0:00:04]} 32. Ke2 {[%emt 0:00:11]} Bxe1 {[%emt 0:00:08]} 33. Rxe1 {[%emt 0:00:05]} Qe6 {[%emt 0:00:33]} 34. b3 {[%emt 0:01:05]} Qc6 {[%emt 0:00:56]} 35. Qg3 {[%emt 0:05:39]} Kh7 {[%emt 0:01:19]} 36. Nf3 {[%emt 0:00:48]} e4 {[%emt 0:01:49]} 37. Nd2 {[%emt 0:04:22]} Qxc3 {[%emt 0:01:08]} 38. Nxe4 {[%emt 0:00:32]} Qb2+ {[%emt 0:00:11]} 39. Nd2 {[%emt 0:00:10]} Rf7 {[%emt 0:00:11]} 40. Rb1 {[%emt 0:01:29]} Qxa2 {[%emt 0:03:58]} 41. Rc1 {[%emt 0:01:21]} Qa5 {[%emt 0:00:44]} 42. Qe5 {[%emt 0:05:24]} Raf8 {[%emt 0:02:09]} 43. Ne4 {[%emt 0:00:38]} Qa2+ {[%emt 0:00:30]} 44. Nc2 {[%emt 0:01:56]} Kg8 {[%emt 0:00:39]} 45. Qe6 {[%emt 0:00:07]} Kg7 {[%emt 0:00:17]} 46. Qe5+ {[%emt 0:00:07]} Kg8 {[%emt 0:00:04]} 47. Qe6 {[%emt 0:00:08]} Kh7 {[%emt 0:01:15]} 48. Qe5 {[%emt 0:00:41]} Qxb3 {[%emt 0:00:32]} 49. Ng5+ {[%emt 0:00:03]} Kg8 {[%emt 0:00:05]} 50. Nxf7 {[%emt 0:00:10]} Qc4+ {[%emt 0:00:22]} 51. Kd2 {[%emt 0:00:38]} Rxf7 {[%emt 0:00:25]} 52. Nd4 {[%emt 0:00:19]} Qb4+ {[%emt 0:00:27]} 53. Kd3 {[%emt 0:00:20]} Qa3+ {[%emt 0:00:41]} 54. Rc3 {[%emt 0:00:08]} Qa2 {[%emt 0:00:22]} 55. Rc2 {[%emt 0:00:29]} Qa3+ {[%emt 0:00:15]} 56. Rc3 {[%emt 0:00:03]} Qa2 {[%emt 0:00:04]} 57. Rc2 {[%emt 0:00:12]} 1/2-1/2

[Event "2nd European Youth GP 2017"]
[Site "Jermuk"]
[Date "2017.10.15"]
[Round "11"]
[White "Nesterov, Arseniy"]
[Black "Hakobyan, Aram"]
[Result "1/2-1/2"]
[WhiteElo "2350"]
[BlackElo "2457"]
[Annotator "TA"]
[PlyCount "28"]
[EventDate "2017.??.??"]
[EventType "tourn"]
[EventCountry "ARM"]
[SourceTitle "playchess.com"]
[Source "ChessBase"]
[SourceQuality "1"]

{[%evp 17,28,7,0,3,0,0,0,0,0,-10,-11,-14,-5]} 1. d4 Nf6 2. c4 e6 3. Nf3 b6 4. g3 Bb7 5. Bg2 Bb4+ 6. Bd2 Be7 7. O-O O-O 8. Nc3 c6 9. Bg5 {E16: Queen's Indian: 4 g3 Bb7 5 Bg2 Bb4+} (9. Rc1 d5 10. Bf4 dxc4 11. Ne5 Nd5 12. Nxc4 Nxf4 13. gxf4 Nd7 14. e3 Qc7 15. Qe2 Rad8 16. Rfd1 c5 {1-0 (52) Short,N (2688)-Agdestein,S (2604) Helsingor 2017}) 9... d5 {LiveBook: 3 Games. The position is equal.} 10. Bxf6 Bxf6 11. cxd5 cxd5 12. Rc1 $146 ({Predecessor:} 12. b4 a6 13. Qb3 Qd6 14. Rab1 Rc8 15. e3 Nd7 16. Rfc1 Qf8 17. Ne1 Be7 18. Nd3 Rc4 19. Nd1 Rac8 20. a3 R8c7 21. N1b2 Rxc1+ {½-½ (21) Nemet,I (2412)-Bunzmann,D (2484) Biel 2000}) 12... Nc6 13. Qd3 Rc8 14. e3 Na5 1/2-1/2